000 00475nam a2200181Ia 4500
001 4299
005 20260306145745.0
008 260306t2003||||xx |||||||||||||| ||spa||
041 _aESP
082 _a320.51
_bG77
100 _aGray, John, 1951-
_eAUT
245 0 _aLas dos caras del liberalismo:
_buna nueva interpretación de la tolerancia liberal
260 _c2003
300 _a167 pƔginas :
_c23 cm.
650 _aGEN
654 _aCDE
942 _cLIB
_dJUS
_fJUS
_2ddc
_n
999 _c4299
_d4299